[Event "BEL-ch U20"]
[Site "Blankenberge"]
[Date "2017.04.10"]
[Round "3"]
[White "Langie, Jeroen"]
[Black "De Le Court, Lucas"]
[Result "1-0"]
[WhiteElo "1419"]
[BlackElo "1717"]
[PlyCount "41"]
[EventDate "2017.04.09"]
[EventType "swiss"]
[EventRounds "9"]
[EventCountry "BEL"]
[SourceTitle "CBM 178 Extra"]
[Source "ChessBase"]
[SourceDate "2017.06.22"]
[SourceVersion "1"]
[SourceVersionDate "2017.06.22"]
[SourceQuality "1"]

1. d4 Nf6 2. c4 e6 3. Nc3 Bb4 4. f3 d5 5. a3 Bxc3+ 6. bxc3 c5 7. cxd5 exd5 8. dxc5 Qa5 9. Be3 Qxc3+ 10. Kf2 Nc6 11. Qc1 Qe5 12. Bf4 Qe7 13. Bd6 Qe6 14. e3 Ne7 15. Ne2 Nf5 16. Nd4 Nxd4 17. exd4 Bd7 18. Qe1 0-0-0 19. Qa5 Ne8 20. Re1 Qf6 21. Rxe8 1-0